Escudos de Equipes da NBA 25/26 - Statistics

Estatísticas Gerais
  • Esse quiz foi jogado 169 vezes
  • A pontuação média é 27 de 30
Estatísticas das Respostas
Imagem Resposta % Correto
Detroit Pistons
99%
New York Knicks
99%
Toronto Raptors
99%
Atlanta Hawks
97%
Orlando Magic
97%
Boston Celtics
96%
Brooklyn Nets
96%
Charlotte Hornets
96%
Chicago Bulls
96%
Los Angeles Lakers
96%
Milwaukee Bucks
96%
Minnesota Timberwolves
95%
Oklahoma Thunder
95%
Washington Wizards
95%
Philadelphia 76ers
94%
Los Angeles Clippers
93%
Sacramento Kings
93%
Cleveland Cavaliers
91%
Miami Heat
91%
Utah Jazz
90%
Golden State Warriors
89%
Houston Rockets
88%
Phoenix Suns
88%
Denver Nuggets
85%
San Antonio Spurs
85%
Dallas Mavericks
84%
New Orleans Pelicans
84%
Indiana Pacers
83%
Portland Trail Blazers
79%
Memphis Grizzlies
78%
Nenhum quiz correspondente encontrado
Distribuição das Pontuações
Porcentagem de Pessoas com Cada Pontuação
Percentil de Números Respondidos
Sua Pontuação Histórica
Você não jogou esse quiz